Dim Sum : A Little Bit of Heart /

Retrato de una familia inmigrante china en la ciudad de San Francisco, California, y la complicada relación entre una madre anciana y su hija, una mujer adulta quien todavía permanece soltera a pesar de la presión familiar. Después de escuchar una premonición del Año Nuevo chino, la anciana desea re...

Descripció completa

Guardat en:
Dades bibliogràfiques
Autor principal: Wang, Wayne (realización)
Altres autors: Seltzer, Terrell (guión) (guión), Chin, Michael (fotógrafo) (fotógrafo), Wikke, Ralph (montaje) (montaje), Boekelheide, Todd (música) (música), Chew, Laureen (actuación) (actuación), Chew, Kim (actuación) (actuación), Wong, Victor (actuación) (actuación), Stetler, Karen (producción) (producción), Hu, Marcus (producción) (producción), Hu, Brian (texto del folleto) (texto del folleto)
Format: Diapositiva
Idioma:anglès
Publicat: EUA : CIM Productions, 2023, c2023
Edició:Edición especial aprobada por el realizador
Col·lecció:(Criterion Collection ; 1188)
Matèries:
Etiquetes: Afegir etiqueta
Sense etiquetes, Sigues el primer a etiquetar aquest registre!

MARC

LEADER 00000ngm^a2200000^a^4500
001 000577378
005 20251020000000.0
009 20260310132447.946
020 |a 979-888607-051-4 
037 |a Acervo ITESO - Biblioteca 
041 |a ING 
082 |a 808. 8  |b CRI V. 1188 
100 |a Wang, Wayne  |e (realización) 
245 1 0 |a Dim Sum :  |b A Little Bit of Heart /  |c Realización de W. Wang. 
246 2 |a Título en México: no conocido/no identificado 
246 2 |a Título alternativo en español: no conocido/no identificado 
250 |a Edición especial aprobada por el realizador 
264 4 |a EUA :  |b CIM Productions,  |c 2023, c2023 
264 2 |a Nueva York, EUA :  |b Criterion Collection [distribución],  |c 2022, c2022 
300 |a 1 blu-ray región A (84, 38 min.) :  |b color +  |e 1 folleto (10 p.) 
336 |a imagen móvil bidimensional  |b tdi  |2 rdacontenido 
337 |a video  |b v  |2 rdamedio 
338 |a videodisco  |b vd  |2 rdasoporte 
440 1 |a (Criterion Collection ;  |v 1188) 
520 |a Retrato de una familia inmigrante china en la ciudad de San Francisco, California, y la complicada relación entre una madre anciana y su hija, una mujer adulta quien todavía permanece soltera a pesar de la presión familiar. Después de escuchar una premonición del Año Nuevo chino, la anciana desea regresar China, a pesar del reclamo de su hija, quien desea permanecer en Estados Unidos para perseguir sus deseos de autorrealización. Sus conflictos encuentran un tiempo de sosiego en el gusto compartido por la cocina. 
520 |a Como material adicional, la edición de Criterion Collection incluye lo siguiente: 1) entrevista al cineasta Wayne Wang por parte del académico Arthur Dong; 2) entrevista a la actriz Laureen Chew, cuya vida y relación con su madre inspiraron a la historia de la película. 
546 |a En cantonés e inglés, con subtítulos opcionales: inglés 
649 |a XX 
650 |a Cineastas Chinos -  |x Entrevistas 
650 |a Cineastas Norteamericanos -  |x Entrevistas 
650 |a Actores Chinos -  |x Entrevistas 
650 |a Actores Norteamericanos -  |x Entrevistas 
650 |a Migrantes Chinos -  |z EUA -  |x Condiciones Sociales y Culturales -  |x Tema Principal 
650 |a Chinos en San Francisco, EUA -  |x Condiciones Sociales y Culturales 
650 |a Chinos en EUA -  |x Condiciones Sociales y Culturales -  |x Tema Principal 
650 |a Mujeres en el Cine 
650 |a Dramas Cinematográficos 
650 |a Cine en Mandarín -  |z EUA 
650 |a Cine Independiente -  |z EUA 
650 |a Cine Norteamericano -  |y 1980-1989 
650 |a Cine Norteamericano -  |y Siglo XX 
650 |a Cine Norteamericano -  |x Historia y Crítica 
650 |a Superstición 
650 |a Soltería 
650 |a Relaciones Padres-Hijos -  |x Tema Principal 
650 |a Relaciones Familiares 
650 |a Incomunicación 
650 |a Conflicto Intergeneracional 
650 |a Fiestas de Vida Cotidiana 
650 |a Prácticas Culturales -  |z China 
650 |a Prácticas Culturales -  |z EUA 
650 |a Cocina China -  |x Aspectos Sociales y Culturales 
650 |a Wang, Wayne 
650 |a Chew, Laureen 
700 |a Seltzer, Terrell  |e (guión) 
700 |a Chin, Michael  |e (fotógrafo) 
700 |a Wikke, Ralph  |e (montaje) 
700 |a Boekelheide, Todd  |e (música) 
700 |a Chew, Laureen  |e (actuación) 
700 |a Chew, Kim  |e (actuación) 
700 |a Wong, Victor  |e (actuación) 
700 |a Stetler, Karen  |e (producción) 
700 |a Hu, Marcus  |e (producción) 
700 |a Hu, Brian  |e (texto del folleto) 
910 |a Fondo General 
920 |a Audiovisuales - Blu-rays 
940 |a Películas 
905 |a 309 
901 |a 0500403880  |b IT2  |c BRR  |i C184686  |u 20250521 
901 |a 0500403873  |b IT2  |c MIN  |i 184687  |u 20251020 
902 |a https://opac.biblio.iteso.mx/vufind/Record/000577378